[Event "Mittelrhein Verbandsliga-O 16/17"]
[Site "Nordrheinwestfalen"]
[Date "2017.03.19"]
[Round "9.8"]
[White "Porten, Daniel"]
[Black "Meyer zu Loesebeck, Michael"]
[Result "1/2-1/2"]
[WhiteElo "1891"]
[BlackElo "1827"]
[PlyCount "34"]
[EventDate "2016.09.11"]
[EventType "team-tourn"]
[EventRounds "11"]
[EventCountry "GER"]
[SourceTitle "EXT 2022"]
[Source "ChessBase"]
[SourceDate "2021.10.06"]
[SourceVersion "1"]
[SourceVersionDate "2021.10.06"]
[SourceQuality "1"]
[WhiteTeam "Niederkassel II"]
[BlackTeam "Siebengebirge"]
[WhiteTeamCountry "GER"]
[BlackTeamCountry "GER"]

1. Nf3 e6 2. b3 Nf6 3. Bb2 d5 4. e3 Be7 5. Be2 0-0 6. 0-0 Nbd7 7. d4 c5 8. c4 dxc4 9. Bxc4 b6 10. Nc3 Bb7 11. Be2 Ne4 12. Nxe4 Bxe4 13. Nd2 Bb7 14. Bf3 Bxf3 15. Qxf3 cxd4 16. Bxd4 Bf6 17. Bxf6 Qxf6 1/2-1/2